| 000 | 00462nam a22001697a 4500 | ||
|---|---|---|---|
| 005 | 20230119101841.0 | ||
| 008 | 220120b ||||| |||| 00| 0 eng d | ||
| 020 | _a978-93-5270-692-1 | ||
| 041 | _aeng | ||
| 082 | _a612 | ||
| 100 |
_aSEMBULINGAM, K AND SEMBULINGAM,PREMA _96970 |
||
| 245 | _aREVIEW OF MEDICAL PHYSIOLOGY | ||
| 260 |
_aNEW DELHI _bJAYPEE BROTHERS _c2019 |
||
| 300 | _a144;p | ||
| 650 |
_aBPT PHARMACY _xB.PHARMA & D.PHARMA _97478 |
||
| 942 | _cBK | ||
| 999 |
_c7852 _d7850 |
||